Deutsche Städte mit den meisten Übernachtungen - Statistiken

Allgemein
  • Dieses Quiz wurde 14.666 mal gespielt
    14.168 seit der letzten Aktualisierung
  • Das Durchschnittsergebnis liegt bei 9 aus 10
Antwortstatistiken
Übernachtungen Stadt Bundesland % Korrekt
26,5 Millionen Berlin -
99%
16 Millionen München Bayern
99%
14,7 Millionen Hamburg -
98%
5,6 Millionen Köln NRW
95%
4,7 Millionen Frankfurt am Main Hessen
91%
3,3 Millionen Stuttgart Baden-Württemberg
90%
3,8 Millionen Dresden Sachsen
87%
4,3 Millionen Düsseldorf NRW
87%
3,4 Millionen Leipzig Sachsen
83%
3,1 Millionen Nürnberg Bayern
81%
Keine übereinstimmenden Quizze gefunden
Verteilung der Resultate
Anzahl Personen mit jedem Resultat
Perzentil nach korrekt beantworteten Fragen
Ihre Resultats-Entwicklung
Sie haben dieses Quiz seit der letzten Aktualisierung nicht gespielt